[Event "17. Europa ch Juvenil - Masculino s18"]
[Site "Sibenik CRO"]
[Date "2007.09.17"]
[Round "4.12"]
[White "Beck, Frederik"]
[Black "Figura, Atila Gajo"]
[Result "1/2-1/2"]
[WhiteElo "2292"]
[BlackElo "2413"]
[PlyCount "31"]
[EventDate "2007.09.14"]
[EventType "swiss"]
[EventRounds "9"]
[EventCountry "CRO"]
[Source "lmi"]
[SourceDate "2007.09.14"]

1. e4 e5 2. Nf3 d6 3. d4 exd4 4. Nxd4 Nf6 5. Nc3 Be7 6. g3 Nc6 7. Bg2 Bg4 8.
Nxc6 bxc6 9. Qd4 O-O 10. h3 Be6 11. O-O d5 12. Qd3 Rb8 13. b3 Qc8 14. Kh2 Rd8
15. Bb2 Bb4 16. Rad1 1/2-1/2

[Event "17. Europa ch Juvenil - Masculino s18"]
[Site "Sibenik CRO"]
[Date "2007.09.17"]
[Round "4.14"]
[White "Froewis, Georg"]
[Black "Potapov, Pavel"]
[Result "0-1"]
[WhiteElo "2208"]
[BlackElo "2386"]
[PlyCount "56"]
[EventDate "2007.09.14"]
[EventType "swiss"]
[EventRounds "9"]
[EventCountry "CRO"]
[Source "lmi"]
[SourceDate "2007.09.14"]

1. e4 c5 2. Nf3 Nc6 3. Bb5 g6 4. Bxc6 dxc6 5. d3 Bg7 6. h3 Nh6 7. Nc3 f6 8. Be3
b6 9. Qd2 Nf7 10. Nh2 e5 11. f4 exf4 12. Bxf4 O-O 13. O-O f5 14. exf5 Bxf5 15.
Nf3 Qd7 16. Nh4 Be6 17. Ne4 Bd5 18. Nf2 Qd8 19. Bg3 Bf6 20. Ng4 Bxh4 21. Bxh4
Qxh4 22. c4 Be6 23. Nf6+ Kh8 24. Rf4 Qh6 25. Re1 Ne5 26. Ref1 Rxf6 27. Qc3 Rxf4
28. Qxe5+ Qg7 0-1

[Event "17. Europa ch Juvenil - Masculino s18"]
[Site "Sibenik CRO"]
[Date "2007.09.17"]
[Round "4.15"]
[White "Vila Gazquez, Xavier"]
[Black "Muheim, Lukas"]
[Result "1-0"]
[WhiteElo "2429"]
[BlackElo "2210"]
[PlyCount "83"]
[EventDate "2007.09.14"]
[EventType "swiss"]
[EventRounds "9"]
[EventCountry "CRO"]
[Source "lmi"]
[SourceDate "2007.09.14"]

1. e4 c5 2. Nf3 Nc6 3. Bb5 e6 4. O-O Nge7 5. Nc3 a6 6. Bxc6 Nxc6 7. d4 cxd4 8.
Nxd4 Qc7 9. Nxc6 dxc6 10. Qh5 Bd6 11. f4 e5 12. f5 b5 13. Bg5 Be7 14. Be3 Bb7
15. Rad1 Rd8 16. Rxd8+ Qxd8 17. Qg4 Kf8 18. Rd1 Qc8 19. Rd3 f6 20. Bf2 Kf7 21.
Rg3 Qg8 22. Qh5+ g6 23. Qg4 Bc8 24. Nb1 Kg7 25. b3 g5 26. Rc3 Qe8 27. Qe2 Qd7
28. h4 h6 29. Rd3 Qe8 30. Qe3 gxh4 31. Qe2 Kh7 32. Rh3 Qf8 33. Rxh4 Rg8 34. Kh1
Bc5 35. Be1 Bb6 36. b4 Rg5 37. Bd2 Qg8 38. Bxg5 Qxg5 39. Qe1 c5 40. Nd2 cxb4
41. Nf3 Qe3 42. Qg3 1-0

[Event "17. Europa ch Juvenil - Masculino s18"]
[Site "Sibenik CRO"]
[Date "2007.09.17"]
[Round "4.16"]
[White "Caspi, Israel"]
[Black "Brunello, Sabino"]
[Result "1/2-1/2"]
[WhiteElo "2318"]
[BlackElo "2475"]
[PlyCount "82"]
[EventDate "2007.09.14"]
[EventType "swiss"]
[EventRounds "9"]
[EventCountry "CRO"]
[Source "lmi"]
[SourceDate "2007.09.14"]

1. d4 d5 2. Nf3 c6 3. c4 e6 4. Qc2 Nf6 5. g3 Be7 6. Bg2 O-O 7. O-O b6 8. Nbd2
Bb7 9. e4 Na6 10. e5 Nd7 11. a3 c5 12. dxc5 Rc8 13. b4 bxc5 14. b5 Nc7 15. a4
Rb8 16. Re1 a6 17. Rb1 dxc4 18. b6 Nd5 19. a5 c3 20. Ne4 c4 21. Bf1 Nc5 22.
Nxc5 Bxc5 23. Ng5 g6 24. Bxc4 Rc8 25. Qe4 Be7 26. h4 Rc5 27. Ra1 Qc8 28. Bd3
Nb4 29. Qxb4 Rxe5 30. Qxe7 Rxe1+ 31. Bf1 c2 32. Qb4 Rd1 33. Ne4 e5 34. Nf6+ Kh8
35. Qe7 Rfd8 36. Qxf7 Rxf1+ 37. Kxf1 Rd1+ 38. Ke2 Re1+ 39. Kd2 Rd1+ 40. Ke2
Re1+ 41. Kd2 Rd1+ 1/2-1/2

[Event "17. Europa ch Juvenil - Masculino s18"]
[Site "Sibenik CRO"]
[Date "2007.09.17"]
[Round "4.17"]
[White "Katov, Luboslav"]
[Black "Vernay, Clovis"]
[Result "1/2-1/2"]
[WhiteElo "2277"]
[BlackElo "2381"]
[PlyCount "76"]
[EventDate "2007.09.14"]
[EventType "swiss"]
[EventRounds "9"]
[EventCountry "CRO"]
[Source "lmi"]
[SourceDate "2007.09.14"]

1. e4 e6 2. d4 d5 3. Nc3 Bb4 4. e5 c5 5. Bd2 Ne7 6. Nb5 Bxd2+ 7. Qxd2 O-O 8. f4
Nbc6 9. Nf3 Nf5 10. dxc5 b6 11. Nbd4 Ncxd4 12. Nxd4 bxc5 13. Nxf5 exf5 14. Be2
Rb8 15. b3 Be6 16. O-O Qb6 17. Rfd1 a5 18. Kh1 Rfd8 19. Qe3 Qb4 20. a3 Qb6 21.
h4 d4 22. Qg1 Bd5 23. a4 f6 24. Bd3 fxe5 25. fxe5 f4 26. Qf1 Qh6 27. Bc4 Qxh4+
28. Kg1 Kh8 29. Bxd5 Rxd5 30. Re1 Re8 31. Qf3 Qd8 32. Qxf4 Qc7 33. Re4 Rdxe5
34. Rae1 Rxe4 35. Rxe4 Qc6 36. Rxe8+ Qxe8 37. Qc7 h6 38. Qxc5 Qe1+ 1/2-1/2

[Event "17. Europa ch Juvenil - Masculino s18"]
[Site "Sibenik CRO"]
[Date "2007.09.17"]
[Round "4.18"]
[White "Stupak, Kirill"]
[Black "Mustaps, Matiss"]
[Result "1-0"]
[WhiteElo "2377"]
[BlackElo "2226"]
[PlyCount "103"]
[EventDate "2007.09.14"]
[EventType "swiss"]
[EventRounds "9"]
[EventCountry "CRO"]
[Source "lmi"]
[SourceDate "2007.09.14"]

1. d4 Nf6 2. g3 g6 3. Bg2 Bg7 4. e4 d6 5. Nc3 O-O 6. Nge2 e5 7. O-O exd4 8.
Nxd4 Re8 9. h3 Na6 10. Be3 Nc5 11. f3 a5 12. Qd2 Bd7 13. a4 b6 14. Kh2 Bc8 15.
Rad1 Bb7 16. b3 Qd7 17. Bh6 Bh8 18. Nde2 Re5 19. Bf4 Ree8 20. Be3 Rad8 21. Nf4
c6 22. Nd3 Qc7 23. Qf2 Ba6 24. Ne2 Rb8 25. Nec1 Nxd3 26. Nxd3 Nd7 27. Rfe1 Nc5
28. Nxc5 bxc5 29. Qd2 Red8 30. Bg5 Rd7 31. e5 d5 32. Bf4 g5 33. Bxg5 Bxe5 34.
Rxe5 Qxe5 35. Bf4 Qe8 36. Re1 Qd8 37. Bxb8 Qxb8 38. Qg5+ Kf8 39. Qh6+ Kg8 40.
Qxc6 Qd6 41. Re8+ Kg7 42. Qa8 Kf6 43. Rh8 Ke5 44. c3 h6 45. Qe8+ Qe6 46. Qf8
Qe7 47. Qxh6 f6 48. Qf4+ Ke6 49. h4 Qg7 50. Bh3+ Kf7 51. Bxd7 Qxh8 52. Qd6 1-0

[Event "17. Europa ch Juvenil - Masculino s18"]
[Site "Sibenik CRO"]
[Date "2007.09.17"]
[Round "4.19"]
[White "Galazewski, Tomasz"]
[Black "Huerga Leache, Mikel"]
[Result "0-1"]
[WhiteElo "2259"]
[BlackElo "2370"]
[PlyCount "114"]
[EventDate "2007.09.14"]
[EventType "swiss"]
[EventRounds "9"]
[EventCountry "CRO"]
[Source "lmi"]
[SourceDate "2007.09.14"]

1. e4 e6 2. d4 d5 3. Nd2 Nf6 4. e5 Nfd7 5. f4 c5 6. c3 Nc6 7. Ndf3 Qa5 8. a3
Nxd4 9. Nxd4 cxd4 10. b4 Qc7 11. Qxd4 g6 12. Nf3 Bg7 13. Bb5 O-O 14. O-O f6 15.
Bxd7 Bxd7 16. Bd2 fxe5 17. fxe5 Rf5 18. Rfe1 Bb5 19. Bf4 Raf8 20. Bg3 Rxf3 21.
gxf3 Rxf3 22. a4 Bc4 23. Re3 Rf8 24. Bh4 Bh6 25. Bf6 Bxe3+ 26. Qxe3 Bb3 27. Rc1
Qc4 28. h3 Bxa4 29. Rf1 Bb5 30. Rf2 Qe4 31. Qxa7 Qe1+ 32. Kh2 d4 33. Qxd4 Bc6
34. Rd2 Ra8 35. Qf2 Qh1+ 36. Kg3 Bd5 37. Be7 Be4 38. Rd8+ Rxd8 39. Bxd8 Bf5 40.
Qd4 Qxh3+ 41. Kf2 Qh2+ 42. Ke3 Qg1+ 43. Kd2 Qxd4+ 44. cxd4 h6 45. Ke3 Kf7 46.
b5 Bc2 47. Ba5 Ba4 48. b6 Ke7 49. Bb4+ Kd7 50. Bf8 Kc6 51. Bxh6 Kxb6 52. Kf4
Kc6 53. Kg5 Bc2 54. Kf6 Kd5 55. Bf8 b6 56. Ba3 Bf5 57. Bb2 Kc4 0-1

[Event "17. Europa ch Juvenil - Masculino s18"]
[Site "Sibenik CRO"]
[Date "2007.09.17"]
[Round "4.20"]
[White "Szwed, Jacek"]
[Black "Jafarli, Alizamin"]
[Result "1/2-1/2"]
[WhiteElo "2364"]
[BlackElo "2174"]
[PlyCount "113"]
[EventDate "2007.09.14"]
[EventType "swiss"]
[EventRounds "9"]
[EventCountry "CRO"]
[Source "lmi"]
[SourceDate "2007.09.14"]

1. d4 Nf6 2. c4 g6 3. Nc3 Bg7 4. e4 d6 5. f3 O-O 6. Nge2 Nc6 7. Bg5 a6 8. Qd2
Bd7 9. Rc1 Rb8 10. b3 b5 11. d5 Na5 12. cxb5 axb5 13. Nd4 Qe8 14. Be2 b4 15.
Nd1 c5 16. dxc6 Nxc6 17. Nxc6 Bxc6 18. Nb2 Bb5 19. Nc4 Qd7 20. Be3 Bxc4 21.
Bxc4 Rfd8 22. O-O e6 23. Be2 Qb7 24. Rfd1 d5 25. e5 Nd7 26. f4 Rdc8 27. Bd4 Bf8
28. Kh1 Bc5 29. g3 Ra8 30. Bxc5 Nxc5 31. Bf3 Ne4 32. Rxc8+ Rxc8 33. Bxe4 dxe4
34. Re1 e3+ 35. Qg2 Qa7 36. h4 Qd4 37. h5 Kg7 38. Kh2 gxh5 39. Kh3 Qd3 40. Re2
Rc3 41. g4 hxg4+ 42. Qxg4+ Kf8 43. Qf3 Qd5 44. Kg3 Qd3 45. Kh4 Qd8+ 46. Kh3 Qd5
47. Kg3 Qd1 48. Qa8+ Kg7 49. Rg2 Rc2 50. Kh4+ Rxg2 51. Qxg2+ Kh8 52. Qa8+ Kg7
53. Qg2+ Kh8 54. Qa8+ Kg7 55. Qg2+ Kf8 56. Qa8+ Kg7 57. Qg2+ 1/2-1/2

[Event "17. Europa ch Juvenil - Masculino s18"]
[Site "Sibenik CRO"]
[Date "2007.09.17"]
[Round "4.21"]
[White "Thomassen, Joachim"]
[Black "Martemianov, Iaroslav"]
[Result "0-1"]
[WhiteElo "2075"]
[BlackElo "2333"]
[PlyCount "64"]
[EventDate "2007.09.14"]
[EventType "swiss"]
[EventRounds "9"]
[EventCountry "CRO"]
[Source "lmi"]
[SourceDate "2007.09.14"]

1. d4 Nf6 2. c4 c5 3. d5 b5 4. cxb5 a6 5. b6 Qxb6 6. Nc3 d6 7. e4 g6 8. Nf3 Bg7
9. Be2 O-O 10. O-O a5 11. a4 Na6 12. Nd2 Nb4 13. Bb5 Qc7 14. Nc4 Nd7 15. Bxd7
Bxd7 16. Bf4 Bc8 17. Nb5 Qb8 18. Re1 Ba6 19. e5 Bxb5 20. axb5 dxe5 21. Bxe5
Qxb5 22. Bxg7 Kxg7 23. Qb3 Kg8 24. Rad1 a4 25. Qc3 Rad8 26. Na3 Qa6 27. Re4
Nxd5 28. Qxc5 Nf6 29. Rxd8 Rxd8 30. Rd4 Rc8 31. Qg5 Qb6 32. Rxa4 Qb3 0-1

[Event "17. Europa ch Juvenil - Masculino s18"]
[Site "Sibenik CRO"]
[Date "2007.09.17"]
[Round "4.22"]
[White "Dinger, Florian"]
[Black "Valner, Uku"]
[Result "1/2-1/2"]
[WhiteElo "2332"]
[BlackElo "2102"]
[PlyCount "81"]
[EventDate "2007.09.14"]
[EventType "swiss"]
[EventRounds "9"]
[EventCountry "CRO"]
[Source "lmi"]
[SourceDate "2007.09.14"]

1. e4 e6 2. d4 d5 3. Nc3 Bb4 4. e5 c5 5. Bd2 cxd4 6. Nb5 Bc5 7. b4 Be7 8. Nxd4
Nc6 9. Nxc6 bxc6 10. Nf3 h5 11. Bd3 Nh6 12. O-O Nf5 13. c3 a5 14. a4 c5 15. b5
g5 16. Ne1 g4 17. Nc2 Rg8 18. Ne3 Nxe3 19. Bxe3 Bb7 20. f4 d4 21. cxd4 Qd5 22.
Qe2 cxd4 23. Bd2 Bc5 24. Rfe1 h4 25. Qe4 Bb6 26. Qxd5 Bxd5 27. Be4 Bxe4 28.
Rxe4 Rc8 29. Kf1 h3 30. g3 Ke7 31. Ree1 Rc2 32. Ke2 Rgc8 33. Kd3 Kd7 34. Rec1
Rb2 35. Rxc8 Kxc8 36. Rc1+ Kb7 37. Rf1 Rb3+ 38. Ke4 Rb2 39. Kd3 Rb3+ 40. Ke4
Rb2 41. Kd3 1/2-1/2

[Event "17. Europa ch Juvenil - Masculino s18"]
[Site "Sibenik CRO"]
[Date "2007.09.17"]
[Round "4.23"]
[White "Rombaldoni, Denis"]
[Black "Mitrovic, Boris"]
[Result "1-0"]
[WhiteElo "2383"]
[BlackElo "2127"]
[PlyCount "63"]
[EventDate "2007.09.14"]
[EventType "swiss"]
[EventRounds "9"]
[EventCountry "CRO"]
[Source "lmi"]
[SourceDate "2007.09.14"]

1. d4 f5 2. g3 Nf6 3. Bg2 g6 4. Nf3 Bg7 5. c4 O-O 6. O-O d6 7. Nc3 Qe8 8. b3
Na6 9. Ba3 Bd7 10. Qd3 Rb8 11. Rad1 b5 12. cxb5 Bxb5 13. Nxb5 Qxb5 14. Qxb5
Rxb5 15. Nd2 c5 16. e3 Kf7 17. Nc4 Ne4 18. Bxe4 fxe4 19. dxc5 Rxc5 20. Bxc5
Nxc5 21. f3 Ke6 22. fxe4 Rb8 23. Nd2 Bh6 24. Kf2 a5 25. Ke2 a4 26. Rb1 Rb4 27.
a3 Rb5 28. b4 Nd7 29. Nf3 Rh5 30. h4 Nf6 31. b5 Kd7 32. b6 1-0

[Event "17. Europa ch Juvenil - Masculino s18"]
[Site "Sibenik CRO"]
[Date "2007.09.17"]
[Round "4.24"]
[White "Kociscak, Jiri"]
[Black "Krivoborodov, Egor"]
[Result "0-1"]
[WhiteElo "2180"]
[BlackElo "2403"]
[PlyCount "64"]
[EventDate "2007.09.14"]
[EventType "swiss"]
[EventRounds "9"]
[EventCountry "CRO"]
[Source "lmi"]
[SourceDate "2007.09.14"]

1. e4 c5 2. Nf3 Nc6 3. d4 cxd4 4. Nxd4 Nf6 5. Nc3 d6 6. Bg5 Qb6 7. Nb3 e6 8.
Qd2 Be7 9. O-O-O O-O 10. Be3 Qc7 11. f3 a6 12. g4 b5 13. Kb1 Ne5 14. Qf2 Nfd7
15. Bd3 b4 16. Ne2 a5 17. Ned4 a4 18. Nb5 Qb7 19. N3d4 Nxd3 20. cxd3 Nc5 21.
Qg3 e5 22. Nf5 Bxf5 23. gxf5 Qxb5 24. Bh6 g6 25. h4 Kh8 26. f6 Bxf6 27. Bg5
Bxg5 28. hxg5 h5 29. f4 exf4 30. Qxf4 Ne6 31. Qf6+ Kg8 32. d4 Qxg5 0-1

[Event "17. Europa ch Juvenil - Masculino s18"]
[Site "Sibenik CRO"]
[Date "2007.09.17"]
[Round "4.26"]
[White "Golubenko, Valentina"]
[Black "Hansen, Alexei Cherstiouk"]
[Result "1-0"]
[WhiteElo "2316"]
[BlackElo "2189"]
[PlyCount "45"]
[EventDate "2007.09.14"]
[EventType "swiss"]
[EventRounds "9"]
[EventCountry "CRO"]
[Source "lmi"]
[SourceDate "2007.09.14"]

1. Nf3 c5 2. c4 Nc6 3. g3 g6 4. d4 cxd4 5. Nxd4 Bg7 6. Nb3 Nf6 7. Bg2 O-O 8.
O-O d6 9. Nc3 Be6 10. Nd5 Ne5 11. Nd4 Nxc4 12. Nxe6 fxe6 13. Nf4 Qb6 14. Nxe6
Rfe8 15. b3 Ne5 16. Be3 Qa5 17. Bxb7 Rab8 18. Bg2 Rbc8 19. Qd4 Qb5 20. Qd2 a5
21. Rac1 Rxc1 22. Rxc1 Neg4 23. Nc7 1-0

[Event "17. Europa ch Juvenil - Masculino s18"]
[Site "Sibenik CRO"]
[Date "2007.09.17"]
[Round "4.27"]
[White "Guramishvili, Sopiko"]
[Black "Rosberg, Simon"]
[Result "1-0"]
[WhiteElo "2273"]
[BlackElo "2164"]
[PlyCount "119"]
[EventDate "2007.09.14"]
[EventType "swiss"]
[EventRounds "9"]
[EventCountry "CRO"]
[Source "lmi"]
[SourceDate "2007.09.14"]

1. d4 e6 2. c4 f5 3. g3 Nf6 4. Bg2 d5 5. Nh3 Be7 6. O-O O-O 7. Nd2 Nc6 8. e3
Kh8 9. Nf3 Ne4 10. Nf4 dxc4 11. Qa4 c3 12. Rd1 Qe8 13. d5 exd5 14. Nxd5 cxb2
15. Bxb2 Bd6 16. Nd2 Nxd2 17. Rxd2 Bd7 18. Qb3 Rb8 19. Rad1 Be6 20. Bc3 Be5 21.
Bxe5 Nxe5 22. Qc3 Ng4 23. Qxc7 Qc8 24. Qa5 a6 25. Nf4 Bg8 26. Qb4 Nf6 27. Qb2
Qc7 28. Rc1 Qe7 29. Rdc2 Rfd8 30. h4 Bf7 31. Rc5 Rd1+ 32. Rxd1 Qxc5 33. Rc1 Qa5
34. a3 Kg8 35. Nd3 Qd8 36. Nc5 Ne4 37. Nxe4 fxe4 38. Bxe4 Qe7 39. Bg2 b5 40.
Qc3 Kf8 41. Qa5 Bc4 42. Qxa6 Rd8 43. Qa5 Rd3 44. Qa8+ Kf7 45. Qf3+ Kg8 46. Qa8+
Kf7 47. Ra1 Qe5 48. Rb1 Qd6 49. Bf1 Rxa3 50. Bxc4+ bxc4 51. Rb7+ Kf6 52. Qg8
Ra1+ 53. Kh2 Rh1+ 54. Kxh1 Qc6+ 55. Kh2 Qxb7 56. Qxc4 h6 57. Qf4+ Kg6 58. e4
Qd7 59. g4 Qe6 60. h5+ 1-0

[Event "17. Europa ch Juvenil - Masculino s18"]
[Site "Sibenik CRO"]
[Date "2007.09.17"]
[Round "4.28"]
[White "Narmontas, Tauras"]
[Black "Novosel, Tomislav"]
[Result "1/2-1/2"]
[WhiteElo "2227"]
[BlackElo "2072"]
[PlyCount "76"]
[EventDate "2007.09.14"]
[EventType "swiss"]
[EventRounds "9"]
[EventCountry "CRO"]
[Source "lmi"]
[SourceDate "2007.09.14"]

1. e4 c5 2. Nf3 d6 3. d4 cxd4 4. Qxd4 Nc6 5. Bb5 Bd7 6. Bxc6 Bxc6 7. Nc3 e6 8.
Bg5 Nf6 9. O-O-O Be7 10. Rhe1 h6 11. Bh4 O-O 12. h3 Qa5 13. Qd2 Qc5 14. Nd4
Rac8 15. f3 Rfd8 16. Kb1 Be8 17. g4 b5 18. Bf2 Qc4 19. Rg1 b4 20. Nce2 Nd7 21.
Be3 d5 22. b3 Qa6 23. exd5 Nb6 24. dxe6 Nd5 25. Qd3 Qa5 26. exf7+ Bxf7 27. Bc1
Bf6 28. Qb5 Qc7 29. Bb2 Bg6 30. Ka1 a6 31. Qxa6 Ra8 32. Qc6 Qa5 33. Qa4 Qb6 34.
Qb5 Qa7 35. Qa4 Qe7 36. Qc6 Qa7 37. Qa4 Qb7 38. Qc6 Qa7 1/2-1/2

[Event "17. Europa ch Juvenil - Masculino s18"]
[Site "Sibenik CRO"]
[Date "2007.09.17"]
[Round "4.29"]
[White "Raisanen, Kim"]
[Black "Ocnarescu, Victor"]
[Result "1-0"]
[WhiteElo "2062"]
[BlackElo "2215"]
[PlyCount "77"]
[EventDate "2007.09.14"]
[EventType "swiss"]
[EventRounds "9"]
[EventCountry "CRO"]
[Source "lmi"]
[SourceDate "2007.09.14"]

1. c4 Nf6 2. g3 g6 3. Bg2 Bg7 4. Nc3 d6 5. Rb1 O-O 6. b4 e5 7. d3 Nbd7 8. Nf3
Ne8 9. Qb3 a5 10. a3 axb4 11. axb4 c6 12. O-O h6 13. Ba3 Nc7 14. b5 c5 15. Bb2
f5 16. Ra1 Rxa1 17. Rxa1 Ne6 18. Nd5 Nb6 19. Nxb6 Qxb6 20. Ra8 Nc7 21. Ra1 Bd7
22. Bc3 Ne6 23. Qa3 e4 24. Bxg7 Kxg7 25. dxe4 fxe4 26. Nd2 Nd4 27. Qb2 Kh7 28.
Nxe4 d5 29. e3 dxe4 30. exd4 cxd4 31. Bxe4 Be6 32. Qb4 Rf7 33. c5 Qd8 34. Rd1
Rd7 35. c6 bxc6 36. bxc6 Rd6 37. Qb7+ Kh8 38. Bxg6 Bg8 39. c7 1-0

[Event "17. Europa ch Juvenil - Masculino s18"]
[Site "Sibenik CRO"]
[Date "2007.09.17"]
[Round "4.30"]
[White "Roberson, Peter Thomas"]
[Black "Green, Andrew"]
[Result "1-0"]
[WhiteElo "2209"]
[BlackElo "1951"]
[PlyCount "59"]
[EventDate "2007.09.14"]
[EventType "swiss"]
[EventRounds "9"]
[EventCountry "CRO"]
[Source "lmi"]
[SourceDate "2007.09.14"]

1. e4 c5 2. Nc3 a6 3. f4 b5 4. d4 cxd4 5. Qxd4 e6 6. Nf3 Bb7 7. Bd3 Nf6 8. e5
Nd5 9. Nxd5 Bxd5 10. Qf2 Nc6 11. a3 d6 12. O-O Qc7 13. exd6 Bxd6 14. Qg3 f6 15.
Bd2 O-O 16. Rae1 Na5 17. Qh3 g6 18. Kh1 Nc4 19. Bc1 Rae8 20. a4 bxa4 21. Nd2
Nxd2 22. Bxd2 Rb8 23. Rb1 Qc6 24. c4 Rb3 25. cxd5 Qxd5 26. Bc3 Rfb8 27. Rfd1
Rxc3 28. bxc3 Rxb1 29. Rxb1 a3 30. c4 1-0

[Event "17. Europa ch Juvenil - Masculino s18"]
[Site "Sibenik CRO"]
[Date "2007.09.17"]
[Round "4.31"]
[White "Vocaturo, Daniele"]
[Black "Musovic, Armin"]
[Result "1-0"]
[WhiteElo "2459"]
[BlackElo "2079"]
[PlyCount "53"]
[EventDate "2007.09.14"]
[EventType "swiss"]
[EventRounds "9"]
[EventCountry "CRO"]
[Source "lmi"]
[SourceDate "2007.09.14"]

1. e4 c6 2. c4 d5 3. exd5 cxd5 4. cxd5 Nf6 5. Nc3 Nxd5 6. Nf3 Nc6 7. Bb5 e6 8.
O-O Be7 9. d4 O-O 10. Re1 Bf6 11. Bxc6 bxc6 12. Ne4 a5 13. Ne5 Nb4 14. Nxf6+
Qxf6 15. a3 Nd5 16. Nxc6 Bb7 17. Ne5 Nf4 18. f3 Rfd8 19. Be3 h5 20. Qd2 g5 21.
h4 Qxe5 22. dxe5 Rxd2 23. Bxd2 Nd3 24. Re3 Nc5 25. Rc1 Na4 26. hxg5 Nb6 27. Rb3
1-0

[Event "17. Europa ch Juvenil - Masculino s18"]
[Site "Sibenik CRO"]
[Date "2007.09.17"]
[Round "4.32"]
[White "Bitalzadeh, Ali"]
[Black "Sarapik, Kristjan"]
[Result "1/2-1/2"]
[WhiteElo "2389"]
[BlackElo "2060"]
[PlyCount "86"]
[EventDate "2007.09.14"]
[EventType "swiss"]
[EventRounds "9"]
[EventCountry "CRO"]
[Source "lmi"]
[SourceDate "2007.09.14"]

1. e4 e5 2. Nf3 Nc6 3. Bb5 a6 4. Ba4 Nf6 5. O-O Be7 6. Re1 b5 7. Bb3 d6 8. c3
O-O 9. h3 Na5 10. Bc2 c5 11. d4 Nd7 12. Nbd2 exd4 13. cxd4 Nc6 14. d5 Nce5 15.
a4 Rb8 16. Nxe5 Nxe5 17. f4 Ng6 18. f5 Ne5 19. Nf3 Bf6 20. axb5 axb5 21. Kh1
Re8 22. Rf1 Bb7 23. Ra7 Qb6 24. Ra2 Ra8 25. Rxa8 Rxa8 26. Nxe5 Bxe5 27. f6 Ra1
28. fxg7 Bc8 29. Qf3 Qc7 30. Bf4 Rxf1+ 31. Qxf1 Bxf4 32. Qxf4 Qe7 33. Qg3 Qf6
34. Kh2 c4 35. e5 Qxg7 36. exd6 Bd7 37. Qxg7+ Kxg7 38. Kg3 h6 39. Kf4 Kf6 40.
g4 b4 41. Bb1 c3 42. bxc3 bxc3 43. Ke3 Ke5 1/2-1/2

[Event "17. Europa ch Juvenil - Masculino s18"]
[Site "Sibenik CRO"]
[Date "2007.09.17"]
[Round "4.33"]
[White "Bizopoulos, Alexandros"]
[Black "Baryshpolets, Andrey"]
[Result "0-1"]
[WhiteElo "2075"]
[BlackElo "2307"]
[PlyCount "88"]
[EventDate "2007.09.14"]
[EventType "swiss"]
[EventRounds "9"]
[EventCountry "CRO"]
[Source "lmi"]
[SourceDate "2007.09.14"]

1. e4 c5 2. Nf3 d6 3. d4 cxd4 4. Nxd4 Nf6 5. Nc3 Nc6 6. Bg5 Bd7 7. f3 Rc8 8.
Qd2 Nxd4 9. Qxd4 Qa5 10. Qd2 a6 11. O-O-O e6 12. Kb1 Be7 13. Be3 b5 14. g4 b4
15. Ne2 O-O 16. g5 Ne8 17. Nd4 Qc7 18. Bd3 Qb7 19. Rdg1 Nc7 20. h4 Nb5 21. h5
Nxd4 22. Bxd4 e5 23. Be3 f5 24. g6 f4 25. gxh7+ Kh8 26. Qg2 Bf6 27. Bf2 Be6 28.
Bh4 Qe7 29. h6 gxh6 30. Qg6 Bxh4 31. Rxh4 Rf6 32. Qg2 Qxh7 33. Rgh1 Rg8 34. Qf2
Rgg6 35. b3 Qc7 36. R4h2 a5 37. Qe2 Qc5 38. Qf1 Kg7 39. Kb2 Rg3 40. Bc4 Bxc4
41. bxc4 Qd4+ 42. Kb1 Rfg6 43. c3 bxc3 44. Rf2 d5 0-1

[Event "17. Europa ch Juvenil - Masculino s18"]
[Site "Sibenik CRO"]
[Date "2007.09.17"]
[Round "4.35"]
[White "Stojanovski, Stefan"]
[Black "Gaehler, Marco"]
[Result "0-1"]
[WhiteElo "1980"]
[BlackElo "2272"]
[PlyCount "62"]
[EventDate "2007.09.14"]
[EventType "swiss"]
[EventRounds "9"]
[EventCountry "CRO"]
[Source "lmi"]
[SourceDate "2007.09.14"]

1. e4 e6 2. d4 d5 3. Nd2 c5 4. dxc5 Nf6 5. Bd3 dxe4 6. Bxe4 Bxc5 7. Bd3 O-O 8.
Nb3 Nbd7 9. Nf3 Be7 10. O-O b6 11. Qe2 Bb7 12. Bf4 Nd5 13. Bg3 Nb4 14. Bc4 Bd5
15. c3 Bxc4 16. Qxc4 Nd5 17. Rad1 Qc8 18. Qe2 Nc5 19. Nbd4 Qb7 20. Rfe1 Rac8
21. c4 Nf6 22. Ne5 Nce4 23. Bh4 Bb4 24. Rf1 Bc5 25. Kh1 Rfd8 26. Nc2 Qc7 27.
Ng4 Nxg4 28. Qxg4 Rxd1 29. Qxd1 Qf4 30. Qf3 Qxh4 31. g3 Nd2 0-1

[Event "17. Europa ch Juvenil - Masculino s18"]
[Site "Sibenik CRO"]
[Date "2007.09.17"]
[Round "4.36"]
[White "Valkovic, Kristian"]
[Black "Teixeira, Rafael Goltsman"]
[Result "1/2-1/2"]
[WhiteElo "1960"]
[BlackElo "2188"]
[PlyCount "68"]
[EventDate "2007.09.14"]
[EventType "swiss"]
[EventRounds "9"]
[EventCountry "CRO"]
[Source "lmi"]
[SourceDate "2007.09.14"]

1. e4 c5 2. Nf3 d6 3. d4 cxd4 4. Nxd4 Nf6 5. Nc3 g6 6. Be3 Bg7 7. f3 O-O 8. Qd2
Nc6 9. O-O-O d5 10. exd5 Nxd5 11. Nxc6 bxc6 12. Nxd5 cxd5 13. Bd4 e5 14. Bc5
Be6 15. h4 d4 16. b3 a5 17. h5 a4 18. hxg6 hxg6 19. Bd3 axb3 20. axb3 Qc7 21.
Bxf8 Bxf8 22. Kb2 Ba3+ 23. Kb1 Bf8 24. Kb2 Bg7 25. Ra1 Rc8 26. g4 Bd5 27. Rh3
Qc6 28. Ra6 Qb7 29. Ra2 Rc3 30. Ka1 Bxf3 31. Qg5 Bg2 32. Qd8+ Bf8 33. Rh2 Bd5
34. Qf6 Bg7 1/2-1/2

[Event "17. Europa ch Juvenil - Masculino s18"]
[Site "Sibenik CRO"]
[Date "2007.09.17"]
[Round "4.37"]
[White "Ertan, Can"]
[Black "Okrosa, Marijan"]
[Result "1-0"]
[WhiteElo "1965"]
[BlackElo "2012"]
[PlyCount "131"]
[EventDate "2007.09.14"]
[EventType "swiss"]
[EventRounds "9"]
[EventCountry "CRO"]
[Source "lmi"]
[SourceDate "2007.09.14"]

1. e4 e6 2. d4 d5 3. Nc3 h6 4. Bd3 Nc6 5. Nf3 Nb4 6. O-O Nxd3 7. Qxd3 dxe4 8.
Nxe4 Nf6 9. Ne5 Be7 10. f4 O-O 11. Nxf6+ Bxf6 12. c3 Qd5 13. Qg3 Kh8 14. Qh3
Kh7 15. Ng4 Qf5 16. Nxf6+ Qxf6 17. Be3 b6 18. Rae1 Bb7 19. f5 Rae8 20. Bf4 Ba6
21. Be5 Qg5 22. Re3 f6 23. Rg3 Qd2 24. Qg4 Re7 25. Bf4 Qc2 26. Re1 exf5 27.
Qg6+ Kh8 28. Rc1 Qxb2 29. Bxh6 Kg8 30. h3 Rff7 31. Kh2 Qf2 32. Rf3 Qxa2 33. Bf4
Bb7 34. Rg3 Qf2 35. Qxf5 g5 36. Rc2 Qe1 37. Bd2 Qb1 38. Re3 Be4 39. Qc8+ Rf8
40. Rc1 Rxc8 41. Rxb1 Rce8 42. Rf1 Kf7 43. Rg3 Kg6 44. h4 Rh7 45. Bxg5 f5 46.
Bf4+ Kf6 47. Kg1 Ke6 48. c4 a5 49. h5 Rxh5 50. Bxc7 Rc8 51. d5+ Kf7 52. d6 Bc6
53. Re1 Re8 54. Rxe8 Kxe8 55. Rg7 Rh4 56. Re7+ Kf8 57. d7 Bxd7 58. Rxd7 Rxc4
59. Bxb6 a4 60. Rd4 Rc1+ 61. Kh2 Ra1 62. Rf4 a3 63. Rxf5+ Kg8 64. Ra5 a2 65.
Bd4 Rd1 66. Bb2 1-0